KAPLAN AND SANDOCKS COMPREHENSIVE TEXTBOOK OF PSYEHITRY (Record no. 14196)

MARC details
000 -LEADER
fixed length control field 00322nam a22001337a 4500
003 - CONTROL NUMBER IDENTIFIER
control field SGT
082 ## - DEWEY DECIMAL CLASSIFICATION NUMBER
Classification number 616.89
Item number K17S
100 ## - MAIN ENTRY--PERSONAL NAME
Personal name SADOCK,BENJAMIN J
245 ## - TITLE STATEMENT
Title KAPLAN AND SANDOCKS COMPREHENSIVE TEXTBOOK OF PSYEHITRY
250 ## - EDITION STATEMENT
Edition statement 10TH
260 ## - PUBLICATION, DISTRIBUTION, ETC. (IMPRINT)
Place of publication, distribution, etc PHILADELPHIA
Name of publisher, distributor, etc WOLTER KLUWER
Year of Publication 2017
300 ## - PAGE DESCRIPTION
No. of Pages 4621
942 ## - ADDED ENTRY ELEMENTS (KOHA)
Source of classification or shelving scheme Dewey Decimal Classification
Koha item type Books
Holdings
Withdrawn status Lost status Source of classification or shelving scheme Damaged status Not for loan Collection code Home library Current library Shelving location Date acquired Vendor Name Cost, normal purchase price Volume Information (Serial or Books or Non-Book Material) SGTU Bill Number Total Checkouts Full call number Accession No. (Barcode) Date last seen Bill Date Koha item type
    Dewey Decimal Classification     MEDICAL SGT Medical Library SGT Medical Library Reference Book 23/12/2017 ABC DELHI 0.00 II SGTU 8707   616.89 K17S FM9100 23/12/2017 08/07/2017 Books